[Event "Michigan Women's"]
[Site "Ann Arbor, MI"]
[Date "1998.??.??"]
[Round "?"]
[White "Sturdivant, Ashley"]
[Black "Wantz, I."]
[Result "1-0"]
[WhiteElo "1605"]
[BlackElo "1605"]
[PlyCount "137"]
[EventDate "1998.12.??"]

1. e4 e5 2. Bc4 Nh6 3. Nf3 Nc6 4. Nc3 Bc5 5. O-O O-O 6. d3 Ng4 7. Bg5 Qe8 8.
Na4 Nxf2 9. Qc1 Nxe4+ 10. Be3 Nd4 11. Nxd4 exd4 12. Bf4 Bb4 13. a3 Bd6 14. Bxd6
Nxd6 15. Bb3 Qe7 16. Re1 Qd8 17. Bd5 Re8 18. Rxe8+ Qxe8 19. Qf4 Qe3+ 20. Qxe3
dxe3 21. Re1 Nf5 22. g4 Nd4 23. Rxe3 h6 24. Re8+ Kh7 25. Be4+ g6 26. h4 Ne2+
27. Kf1 Ng3+ 28. Kf2 Nh1+ 29. Kg2 d6 30. Kxh1 Bd7 31. Rxa8 Bxa4 32. Bd5 Bc6 33.
Bxc6 bxc6 34. Rxa7 f6 35. Rxc7+ Kg8 36. a4 Kf8 37. Rxc6 Ke7 38. Rc7+ Kd8 39.
Rh7 h5 40. a5 Kc8 41. gxh5 gxh5 42. Rxh5 Kc7 43. a6 Kc8 44. Rh7 Kb8 45. a7+ Ka8
46. b4 f5 47. b5 f4 48. b6 f3 49. Kg1 d5 50. b7+ Kxa7 51. Kf2 d4 52. Kxf3 Kb8
53. Rh8+ Kxb7 54. Ke4 Kc7 55. Kxd4 Kd7 56. Ke5 Ke7 57. Rh7+ Kf8 58. Kf6 Kg8 59.
Kg6 Kf8 60. Kf6 Kg8 61. Rg7+ Kh8 62. Rg1 Kh7 63. h5 Kh6 64. Rg8 Kxh5 65. Rh8+
Kg4 66. Rg8+ Kh4 67. d4 Kh5 68. d5 Kh6 69. Rh8# 1-0

[Event "Kalamazoo Mini-Swiss.2"]
[Site "Kalamazoo, MI"]
[Date "1998.??.??"]
[Round "?"]
[White "Strahan, S."]
[Black "Besher, Al"]
[Result "0-1"]
[WhiteElo "1605"]
[BlackElo "1605"]
[PlyCount "64"]
[EventDate "1998.??.??"]

1. d4 d6 2. e4 c5 3. d5 g6 4. Nc3 a6 5. Nf3 Bg7 6. Bd3 h6 7. O-O e6 8. Re1 Ne7
9. Bf4 O-O 10. Qd2 Kh7 11. h4 exd5 12. e5 Bg4 13. exd6 Nf5 14. Nxd5 Bxf3 15.
Bxf5 Bxd5 16. Qxd5 gxf5 17. Qxf5+ Kh8 18. g3 Qf6 19. Qxc5 Qxb2 20. Rab1 Qc3 21.
Qc7 Nc6 22. Qxb7 Rab8 23. Qxa6 Rxb1 24. Rxb1 Qxc2 25. Rb6 Bd4 26. Be3 Bxb6 27.
Qxb6 Qd1+ 28. Kg2 Qxd6 29. a4 Qd5+ 30. Kf1 Qd1+ 31. Kg2 Qxa4 32. Qxc6 Qxc6+ 0-1

[Event "U.S. Amateur North"]
[Site "Detroit, MI"]
[Date "1998.??.??"]
[Round "?"]
[White "Stinson, A."]
[Black "Gorham, W."]
[Result "0-1"]
[WhiteElo "1605"]
[BlackElo "2090"]
[PlyCount "80"]
[EventDate "1998.05.??"]

{5/24} 1. d4 Nf6 2. e3 g6 3. c4 Bg7 4. Nc3 O-O 5. Nf3 d6 6. Bd3 Nbd7 7. O-O c6
8. e4 e5 9. d5 a5 10. a4 cxd5 11. Nxd5 Nxd5 12. cxd5 Nc5 13. Bc2 h6 14. Be3 b6
15. Nd2 Ba6 16. Re1 Rc8 17. Nb3 f5 18. Nxc5 bxc5 19. f3 f4 20. Bd2 Qb6 21. Bc3
Bf6 22. Qd2 Bd8 23. Kh1 Rf7 24. Rg1 Kh7 25. g3 fxg3 26. Rxg3 Bg5 27. Qg2 Rg8
28. h4 Bf4 29. Rg1 Bxg3 30. Qxg3 Be2 31. Qh3 Bxf3+ 32. Kh2 c4 33. Rf1 Rgf8 34.
Qe6 Qe3 35. Bd1 Qf4+ 36. Kh3 Bg2+ 37. Kxg2 Qxf1+ 38. Kg3 Qf2+ 39. Kh3 Rf3+ 40.
Bxf3 Rxf3+ 0-1

[Event "U.S. Amateur North"]
[Site "Detroit, MI"]
[Date "1998.??.??"]
[Round "?"]
[White "Stinson, A."]
[Black "Feldstein, R."]
[Result "0-1"]
[WhiteElo "1605"]
[BlackElo "2000"]
[PlyCount "66"]
[EventDate "1998.05.??"]

{5/23} 1. d4 Nf6 2. e3 g6 3. Nf3 Bg7 4. Nc3 O-O 5. Bd3 d5 6. O-O Nbd7 7. Ne2 c5
8. c3 Re8 9. Bc2 e5 10. dxe5 Nxe5 11. Nxe5 Rxe5 12. Bb3 Qc7 13. Ng3 c4 14. Bc2
h5 15. Re1 h4 16. Nf1 Bg4 17. f3 Be6 18. e4 Rg5 19. exd5 Rd8 20. Bd2 Rdxd5 21.
Bxg6 Qb6+ 22. Kh1 fxg6 23. Qe2 Bf7 24. Be3 Qc7 25. Qf2 h3 26. a3 b6 27. g4 Rd3
28. Bd4 Bd5 29. Nd2 Nxg4 30. Qg3 Qxg3 31. hxg3 Rxd2 32. Bxg7 Bxf3+ 33. Kg1 h2+
0-1

[Event "Michigan Class B"]
[Site "Grand Rapids, MI"]
[Date "1998.??.??"]
[Round "?"]
[White "Steen, Harold"]
[Black "McCarter, Robert"]
[Result "1-0"]
[WhiteElo "1710"]
[BlackElo "1605"]
[PlyCount "67"]
[EventDate "1998.01.??"]

1. e4 c5 2. Nf3 d6 3. d3 Nc6 4. g3 g6 5. Bg2 Bg7 6. O-O e6 7. Nbd2 Rb8 8. c3 b5
9. a4 b4 10. c4 a5 11. Rb1 Nge7 12. b3 O-O 13. h4 h5 14. Nh2 Nd4 15. f4 f5 16.
Nhf3 Bb7 17. Ng5 Qd7 18. Bb2 Nec6 19. Ngf3 Rbd8 20. Kh1 Rfe8 21. Re1 Nxf3 22.
Nxf3 Bxb2 23. Rxb2 Qg7 24. Rbe2 Nd4 25. Nxd4 Qxd4 26. exf5 Bxg2+ 27. Kxg2 gxf5
28. Rxe6 Rxe6 29. Rxe6 Kf7 30. Qe2 Rd7 31. Rh6 Kg8 32. Qe6+ Kg7 33. Rg6+ Kh7
34. Qg8# 1-0

[Event "Michigan Senior"]
[Site "Ann Arbor, MI"]
[Date "1998.??.??"]
[Round "?"]
[White "Steen, Harold"]
[Black "Lin, A."]
[Result "0-1"]
[WhiteElo "1685"]
[BlackElo "2235"]
[PlyCount "102"]
[EventDate "1998.06.??"]

{6/13} 1. Nf3 Nc6 2. g3 Nf6 3. Bg2 e5 4. d3 Be7 5. O-O O-O 6. e4 d6 7. c3 h6 8.
Nbd2 Bg4 9. h3 Bh5 10. Qe1 Nh7 11. d4 Qd7 12. d5 Nd8 13. Nh2 g5 14. g4 Bg6 15.
a4 c6 16. c4 cxd5 17. cxd5 b6 18. b3 Nb7 19. Nc4 Rfc8 20. Be3 Nf6 21. f3 Nc5
22. Bxc5 Rxc5 23. Rf2 Rac8 24. Nf1 Bd8 25. Nfe3 a6 26. Rfa2 Rb8 27. b4 Rcc8 28.
Kh2 h5 29. Qe2 hxg4 30. hxg4 Kg7 31. Nd2 b5 32. a5 Rc3 33. Ndf1 Rbc8 34. Ng3
Rxe3 35. Qxe3 Qxg4 36. fxg4 Nxg4+ 37. Kg1 Nxe3 38. Re2 Rc3 39. Rf2 Nxd5 40.
Nf5+ Bxf5 41. exf5 Nf4 42. Rd1 Be7 43. Kf1 Nxg2 44. Kxg2 Kf6 45. Rdd2 Rc4 46.
Rb2 d5 47. Rfc2 Kxf5 48. Rf2+ Ke6 49. Rf1 f5 50. Rh1 e4 51. Rh8 Bf6 0-1

[Event "Michigan Class B"]
[Site "Grand Rapids, MI"]
[Date "1998.??.??"]
[Round "?"]
[White "Steen, Harold"]
[Black "King, Kenny"]
[Result "0-1"]
[WhiteElo "1710"]
[BlackElo "1710"]
[PlyCount "80"]
[EventDate "1998.01.??"]

1. Nf3 d5 2. g3 c5 3. Bg2 Nc6 4. O-O e5 5. d3 Bd6 6. e4 d4 7. Na3 Nf6 8. Nc4
Be6 9. Nxd6+ Qxd6 10. Ng5 Bd7 11. f4 O-O 12. f5 b5 13. a4 a6 14. b3 c4 15. bxc4
bxc4 16. Ba3 Nb4 17. dxc4 Qc5 18. Kh1 Qxc4 19. Bxb4 Qxb4 20. a5 Ba4 21. Qc1
Rfc8 22. Rf2 d3 23. c4 Rxc4 24. Qd2 Bc2 25. Qxb4 Rxb4 26. Rd2 h6 27. Nh3 Nxe4
28. Bxe4 Rxe4 29. Nf2 Rd4 30. Re1 Re8 31. Re4 Rxe4 32. Nxe4 Rd8 33. Kg2 Rd5 34.
Kf3 Kf8 35. Ke3 Ke7 36. Nf2 Kd6 37. Nxd3 Rxd3+ 38. Rxd3+ Bxd3 39. Kxd3 Kc5 40.
Ke4 f6 0-1

[Event "Michigan Class B"]
[Site "Grand Rapids, MI"]
[Date "1998.??.??"]
[Round "?"]
[White "Steen, Harold"]
[Black "Franklin, Stan"]
[Result "0-1"]
[WhiteElo "1710"]
[BlackElo "1635"]
[PlyCount "64"]
[EventDate "1998.01.??"]

1. Nf3 d5 2. g3 Nf6 3. Bg2 c6 4. O-O Bf5 5. d3 Nbd7 6. Nbd2 e5 7. Nh4 Bg4 8. c3
Bc5 9. h3 Bh5 10. g4 Bg6 11. Nxg6 hxg6 12. e4 Qc7 13. a4 O-O-O 14. b4 Bd6 15.
Nf3 dxe4 16. dxe4 Nxe4 17. Qc2 f5 18. g5 Be7 19. h4 Nd6 20. a5 a6 21. Be3 Kb8
22. Rfe1 Nb5 23. Rad1 e4 24. Nd4 Nxd4 25. Bxd4 Rxh4 26. Be3 Qh2+ 27. Kf1 Ne5
28. Rxd8+ Bxd8 29. Qd2 Nd3 30. c4 Rg4 31. f4 Bc7 32. Bg1 Rxf4+ 0-1

[Event "Michigan Senior"]
[Site "Ann Arbor, MI"]
[Date "1998.??.??"]
[Round "?"]
[White "Steen, Harold"]
[Black "Foord, Allan"]
[Result "0-1"]
[WhiteElo "1685"]
[BlackElo "1605"]
[PlyCount "99"]
[EventDate "1998.06.??"]

{6/14} 1. Nf3 Nf6 2. g3 d5 3. Bg2 g6 4. O-O Bg7 5. d3 O-O 6. Nbd2 c5 7. c3 Nc6
8. e4 e5 9. exd5 Nxd5 10. Nc4 Bg4 11. h3 Be6 12. Ng5 Bc8 13. Ne4 b6 14. Ned6
Be6 15. Be3 Qd7 16. Kh2 Rad8 17. Bc1 a6 18. Ne4 b5 19. Nxc5 Qe7 20. Nxe6 Qxe6
21. Ne3 Nf6 22. Qc2 Rc8 23. b3 Rfd8 24. Qd2 e4 25. d4 Ne5 26. Ba3 Nf3+ 27. Bxf3
exf3 28. Bb4 Ne4 29. Qd3 Nc5 30. Bxc5 Rxc5 31. Rfe1 Qc8 32. Rac1 Bxd4 33. c4
Bb2 34. Nd5 Rdxd5 35. cxd5 Rxc1 36. Rxc1 Bxc1 37. Qxf3 Qc5 38. Kg2 Qd4 39. h4
h5 40. Kf1 Ba3 41. Ke2 Bd6 42. Kf1 f5 43. Qe2 Qe4 44. Qd2 b4 45. Qh6 Qg4 46.
Qe3 Qd1+ 47. Qe1 Qxe1+ 48. Kxe1 Kf7 49. Ke2 Kf6 50. Kd3 0-1

[Event "U.S. Amateur North"]
[Site "Detroit, MI"]
[Date "1998.??.??"]
[Round "?"]
[White "Steen, Harold"]
[Black "Dowling, John"]
[Result "0-1"]
[WhiteElo "1685"]
[BlackElo "2155"]
[PlyCount "68"]
[EventDate "1998.05.??"]

{5/23} 1. Nf3 d5 2. g3 Bg4 3. Bg2 Nd7 4. O-O c6 5. d3 Ngf6 6. Nbd2 e5 7. e4
dxe4 8. dxe4 Bc5 9. c3 O-O 10. Qc2 a5 11. Nc4 Qc7 12. Kh1 Rfe8 13. Nh4 Rad8 14.
f4 b5 15. Nxe5 Nxe5 16. fxe5 Qxe5 17. Bf4 Qe6 18. Bg5 Be7 19. Rfe1 h6 20. Bxf6
Bxf6 21. Nf3 a4 22. Qf2 Be5 23. Nd4 Qc4 24. h3 Bh5 25. Nf3 Bxf3 26. Bxf3 Rd6
27. Qg2 Red8 28. Be2 Qe6 29. Bg4 Qg6 30. Kh2 h5 31. Bf5 Qg5 32. Re2 g6 33. h4
Qxh4+ 34. Bh3 Rd3 0-1

[Event "U.S. Amateur North"]
[Site "Detroit, MI"]
[Date "1998.??.??"]
[Round "?"]
[White "Steen, Harold"]
[Black "Berry, DeMarcus"]
[Result "1/2-1/2"]
[WhiteElo "1685"]
[BlackElo "1605"]
[PlyCount "92"]
[EventDate "1998.05.??"]

{5/24} 1. Nf3 Nf6 2. g3 g6 3. Bg2 Bg7 4. O-O O-O 5. d3 d6 6. e4 Nbd7 7. Nbd2 c5
8. c3 e6 9. a4 a5 10. Nc4 d5 11. Nd6 Qc7 12. Nb5 Qd8 13. e5 Ne8 14. d4 b6 15.
Be3 Ba6 16. Qd2 Bxb5 17. axb5 Nc7 18. Bh6 Nxb5 19. Bxg7 Kxg7 20. Qf4 Qe7 21. h4
f6 22. Qe3 fxe5 23. Nxe5 Nxe5 24. Qxe5+ Rf6 25. Bxd5 Rd8 26. Bc4 Nd6 27. Bd3
Nf7 28. Qe3 cxd4 29. cxd4 Qb4 30. Qe2 Qxd4 31. Rad1 Qe5 32. Qc2 Qc5 33. Qb3 Ne5
34. Be2 Rdf8 35. Rc1 Qd5 36. Qxb6 Nf3+ 37. Bxf3 Qxf3 38. Rc7+ R8f7 39. Rxf7+
Kxf7 40. Qxa5 Qd5 41. Qc7+ Kg8 42. b4 g5 43. Qc5 gxh4 44. Qxd5 exd5 45. Rd1
hxg3 46. fxg3 Rd6 1/2-1/2

[Event "Lansing Action Quads"]
[Site "Lansing, MI"]
[Date "1998.??.??"]
[Round "?"]
[White "Stark, John"]
[Black "Sundeen, David"]
[Result "1/2-1/2"]
[WhiteElo "1605"]
[BlackElo "1645"]
[PlyCount "92"]
[EventDate "1998.??.??"]

1. e4 Nc6 2. Nf3 e5 3. Bb5 Nf6 4. O-O Bc5 5. c3 O-O 6. Re1 d6 7. h3 Bd7 8. d4
exd4 9. cxd4 Nxd4 10. Nxd4 Bxd4 11. Bxd7 Bxf2+ 12. Kxf2 Qxd7 13. Nc3 c6 14. Bg5
d5 15. Bxf6 gxf6 16. exd5 Rad8 17. dxc6 Qf5+ 18. Qf3 Rd2+ 19. Re2 Qc5+ 20. Kf1
Rxe2 21. Qxe2 Qxc6 22. Re1 Kh8 23. Qe7 Rg8 24. Re2 Rg5 25. Qe8+ Qxe8 26. Rxe8+
Kg7 27. Re7 Re5 28. Rxb7 a5 29. Rb5 Kg6 30. Rxe5 fxe5 31. a3 f5 32. b4 axb4 33.
axb4 Kf6 34. Ke2 Ke6 35. Ke3 h5 36. h4 Kd6 37. b5 Kc5 38. g3 Kd6 39. b6 Kc6 40.
b7 Kxb7 41. Nd5 Kc6 42. Ne7+ Kd6 43. Nxf5+ Ke6 44. Ng7+ Kf6 45. Nxh5+ Kf5 46.
g4+ Kxg4 1/2-1/2

[Event "Lansing Action Quads"]
[Site "Lansing, MI"]
[Date "1998.??.??"]
[Round "?"]
[White "Stark, John"]
[Black "Lapinsky, S."]
[Result "1-0"]
[WhiteElo "1605"]
[BlackElo "1605"]
[PlyCount "71"]
[EventDate "1998.??.??"]

1. e4 e5 2. Nf3 d6 3. d4 exd4 4. Nxd4 c5 5. Nf3 Bg4 6. Nc3 Nc6 7. Be2 Be7 8.
O-O Nf6 9. Be3 O-O 10. Nd2 Bxe2 11. Qxe2 a6 12. a3 b5 13. f4 Qd7 14. Rad1 Qg4
15. Qe1 Qd7 16. Nb3 Qc7 17. Rf3 Nd8 18. Rh3 Ng4 19. Nd5 Qa7 20. Nxe7+ Qxe7 21.
Bd2 Ne6 22. Qg3 Nf6 23. Bc3 Rad8 24. Qh4 h6 25. Re1 c4 26. Nd2 Rd7 27. Nf3 d5
28. f5 Qc5+ 29. Kh1 dxe4 30. Bxf6 exf3 31. Rxf3 Ng5 32. Bxg5 hxg5 33. Qxg5 Rfd8
34. Rg3 Qd4 35. Rf1 Qd1 36. Qxg7# 1-0

[Event "Lansing Mini-Swiss.3"]
[Site "Lansing, MI"]
[Date "1998.??.??"]
[Round "?"]
[White "Stanek, M."]
[Black "Vaughn, Gerald"]
[Result "0-1"]
[WhiteElo "1605"]
[BlackElo "1605"]
[PlyCount "68"]
[EventDate "1998.??.??"]

1. e4 c5 2. Nf3 Nc6 3. g3 g6 4. Bg2 Bg7 5. O-O Nf6 6. Nc3 O-O 7. d3 d6 8. Be3
Ng4 9. Re1 Bd7 10. Qd2 Rc8 11. Nd5 e6 12. Nf4 b6 13. c3 Nce5 14. Rac1 g5 15.
Ne2 Nxe3 16. fxe3 c4 17. Nxe5 Bxe5 18. d4 Bg7 19. Rcd1 Ba4 20. Rc1 d5 21. exd5
exd5 22. e4 dxe4 23. Bxe4 Re8 24. Bg2 Re6 25. Bh3 Qd5 26. Bxe6 fxe6 27. Nf4
gxf4 28. Qe2 Re8 29. Qe4 Bc6 30. Qxd5 exd5 31. gxf4 Rf8 32. Rf1 Bh6 33. Rc2
Bxf4 34. Rcf2 Be3 0-1

[Event "Lansing Mini-Swiss.3"]
[Site "Lansing, MI"]
[Date "1998.??.??"]
[Round "?"]
[White "Stanek, M."]
[Black "Guenther, B."]
[Result "1/2-1/2"]
[WhiteElo "1605"]
[BlackElo "1605"]
[PlyCount "70"]
[EventDate "1998.??.??"]

1. e4 c5 2. d4 cxd4 3. c3 dxc3 4. Nxc3 Nc6 5. Nf3 g6 6. Bc4 Bg7 7. O-O d6 8.
Qe2 Bg4 9. h3 Bxf3 10. Qxf3 Ne5 11. Bb5+ Nd7 12. Bf4 Ngf6 13. Rad1 O-O 14. e5
Ne8 15. exd6 e6 16. Qxb7 Nef6 17. Bg5 Qb6 18. Qf3 Ne5 19. Qe3 Nfd7 20. Qxb6
Nxb6 21. Be7 Rfc8 22. d7 Nexd7 23. Rxd7 Nxd7 24. Bxd7 Rc7 25. Rd1 Bxc3 26. bxc3
Rxc3 27. Bf6 Ra3 28. Bc6 Rc8 29. Rd2 h6 30. Bb7 Rb8 31. Be5 Re8 32. Bc6 Rc8 33.
Bb7 Re8 34. Bc6 Rc8 35. Bb7 Re8 1/2-1/2

[Event "Michigan Class B"]
[Site "Grand Rapids, MI"]
[Date "1998.??.??"]
[Round "?"]
[White "Stacey, William"]
[Black "Moore, Robert"]
[Result "0-1"]
[WhiteElo "1615"]
[BlackElo "1655"]
[PlyCount "88"]
[EventDate "1998.01.??"]

1. e4 c5 2. Nf3 d6 3. d4 cxd4 4. Nxd4 Nf6 5. Nc3 a6 6. Bd3 e6 7. f4 Be7 8. O-O
Qb6 9. Kh1 O-O 10. e5 Ne8 11. Nf3 g6 12. Ne4 d5 13. Nf2 Nc6 14. c3 Ng7 15. Qe2
Bd7 16. Be3 Qd8 17. g4 f5 18. exf6 Bxf6 19. g5 Be7 20. Nd4 Nxd4 21. cxd4 Bd6
22. Ng4 Nh5 23. Qd2 Qe7 24. a3 Rac8 25. Rf3 e5 26. Nxe5 Bxe5 27. dxe5 Bc6 28.
Bd4 Qe6 29. Raf1 Ng7 30. Rg1 Nf5 31. Bxf5 Qxf5 32. h4 Bb5 33. Rg2 Qe4 34. Rgf2
Rc4 35. Bc3 Rfc8 36. Kh2 d4 37. Bb4 Rc2 38. Qd1 Rc1 39. Qb3+ Bc4 40. Qa4 Be6
41. h5 Bg4 42. Qb3+ R8c4 43. Rf1 Bxf3 44. Rxf3 Qe2+ 0-1

[Event "Michigan Class B"]
[Site "Grand Rapids, MI"]
[Date "1998.??.??"]
[Round "?"]
[White "Stacey, William"]
[Black "Barta, Roger"]
[Result "0-1"]
[WhiteElo "1615"]
[BlackElo "1705"]
[PlyCount "61"]
[EventDate "1998.01.??"]

1. e4 e6 2. d4 d5 3. e5 c5 4. c3 Nc6 5. f4 Qb6 6. Nf3 cxd4 7. cxd4 Bb4+ 8. Nc3
f6 9. Be2 fxe5 10. fxe5 Nge7 11. O-O Nf5 12. Bb5 Bxc3 13. Bxc6+ Qxc6 14. bxc3
Qxc3 15. Bg5 Ne3 16. Bxe3 Qxe3+ 17. Kh1 O-O 18. Rb1 b6 19. Rb3 Qf4 20. Rd3 Ba6
21. Nd2 Qh4 22. Rxf8+ Rxf8 23. g3 Qh3 24. Rf3 Rf5 25. Kg1 Qh5 26. Kg2 Qg4 27.
h3 Qxd4 28. Qc2 Rxf3 29. Nxf3 Qc4 30. Qd2 Qf1+ 31. Kh2 0-1

[Event "Michigan Open"]
[Site "Flint, MI"]
[Date "1998.??.??"]
[Round "?"]
[White "Spooner, Frank"]
[Black "Triplett, Thomas"]
[Result "1/2-1/2"]
[WhiteElo "1795"]
[BlackElo "2015"]
[PlyCount "103"]
[EventDate "1998.09.??"]

{9/6} 1. e4 c5 2. Nc3 Nc6 3. Nf3 d6 4. d4 cxd4 5. Nxd4 Nf6 6. Be2 e5 7. Nb3 Be7
8. Be3 a6 9. a4 O-O 10. O-O Be6 11. Nc1 d5 12. exd5 Nxd5 13. Nxd5 Bxd5 14. Bf3
e4 15. Be2 f5 16. f4 Bf6 17. c3 Na5 18. Bd4 Rc8 19. Qd2 Nc4 20. Bxc4 Bxc4 21.
Rd1 Bxd4+ 22. Qxd4 Qxd4+ 23. Rxd4 Rfd8 24. Kf2 Rxd4 25. cxd4 Bd5 26. Ke3 Rc2
27. Ne2 Rxb2 28. Ra3 Rb3+ 29. Rxb3 Bxb3 30. Nc3 b6 31. g3 Kf7 32. d5 Ke7 33.
Kd4 Kd6 34. g4 g6 35. h3 Bc2 36. gxf5 gxf5 37. h4 Bd3 38. Nd1 Be2 39. Ne3 Bg4
40. Nc4+ Kc7 41. d6+ Kc6 42. Ke5 Kd7 43. Nxb6+ Kd8 44. Nd5 Bh3 45. a5 h6 46.
Ke6 Bg4 47. d7 Be2 48. Kd6 Bb5 49. Ne3 Bxd7 50. Nd5 Be8 51. Ne3 Bd7 52. Nd5
1/2-1/2

[Event "Michigan Open"]
[Site "Flint, MI"]
[Date "1998.??.??"]
[Round "?"]
[White "Spooner, Frank"]
[Black "Roe, Philip"]
[Result "0-1"]
[WhiteElo "1795"]
[BlackElo "2045"]
[PlyCount "128"]
[EventDate "1998.09.??"]

{9/5} 1. Nf3 d6 2. b3 e5 3. Bb2 f5 4. d3 Nf6 5. Nbd2 g6 6. e4 Bh6 7. Be2 O-O 8.
O-O Nc6 9. c3 Qe7 10. Qc2 Be6 11. d4 fxe4 12. Nxe4 Nxe4 13. Qxe4 d5 14. Qh4
Qxh4 15. Nxh4 exd4 16. cxd4 Bg7 17. Nf3 Bg4 18. h3 Bxf3 19. Bxf3 Rad8 20. Rac1
Bxd4 21. Bxd4 Nxd4 22. Rxc7 Nxf3+ 23. gxf3 Rf7 24. Rc3 Re7 25. Re3 Rc7 26. Rfe1
Kf7 27. R1e2 d4 28. Rd3 Rc3 29. Rdd2 Rxf3 30. Kg2 Rf6 31. Re4 Rfd6 32. Rd3 g5
33. Kf1 Kg6 34. Ke2 Kf5 35. Kf3 a5 36. Re7 R8d7 37. Re4 b6 38. Re8 Rc7 39. Rf8+
Kg6 40. Re8 Rc2 41. Re4 Rxa2 42. Rexd4 Rxd4 43. Rxd4 Ra3 44. Rd6+ Kh5 45. Rxb6
a4 46. Ke2 Rxb3 47. Ra6 a3 48. Ra7 h6 49. Ra4 Rxh3 50. f3 a2 51. Ke3 Rh2 52.
Kd3 Rb2 53. Kc3 Rf2 54. Kd4 Rxf3 55. Rxa2 Kg4 56. Rh2 h5 57. Ke4 h4 58. Rg2+
Rg3 59. Rh2 h3 60. Rh1 Rg2 61. Ke3 Kg3 62. Ke4 g4 63. Ke3 h2 64. Rf1 Rg1 0-1

[Event "Michigan Open"]
[Site "Flint, MI"]
[Date "1998.??.??"]
[Round "?"]
[White "Spooner, Frank"]
[Black "Hamilton, Z."]
[Result "1-0"]
[WhiteElo "1795"]
[BlackElo "1605"]
[PlyCount "63"]
[EventDate "1998.09.??"]

{9/7} 1. Nf3 d5 2. e3 Nc6 3. Bb5 Bd7 4. b3 e5 5. Bxc6 Bxc6 6. Nxe5 Qf6 7. d4
Ne7 8. Nd2 g6 9. Bb2 Bb5 10. a4 Ba6 11. Qg4 Nf5 12. Qf3 Qe6 13. g3 Bb4 14. c3
Ba5 15. b4 Bb6 16. b5 Bxb5 17. axb5 f6 18. Nd3 O-O 19. O-O c6 20. bxc6 bxc6 21.
e4 Nh6 22. Rfe1 Qd7 23. exd5 cxd5 24. Qf4 Qh3 25. Re7 Ng4 26. Nf1 Bd8 27. Rexa7
Rxa7 28. Rxa7 Bb6 29. Rb7 Ba5 30. Bc1 Bxc3 31. Qc7 Qh6 32. Bxh6 1-0

[Event "U.S. Amateur North"]
[Site "Detroit, MI"]
[Date "1998.??.??"]
[Round "?"]
[White "Spindleman, Brian"]
[Black "Young, Cordell"]
[Result "1-0"]
[WhiteElo "1605"]
[BlackElo "1605"]
[PlyCount "49"]
[EventDate "1998.05.??"]

{5/24} 1. e4 e5 2. Nf3 d6 3. Bc4 Bg4 4. O-O Qf6 5. Be2 Bxf3 6. Bxf3 Ne7 7. d3
Nbc6 8. c3 Nd8 9. Be3 c6 10. d4 Qe6 11. Bg4 Qg6 12. Bf3 d5 13. dxe5 Qe6 14. Bg4
Qxe5 15. exd5 Nxd5 16. h3 Bd6 17. g3 Ne6 18. Re1 Be7 19. Bd4 Qd6 20. Bxe6 fxe6
21. Be5 Qd7 22. c4 Bd6 23. cxd5 Bxe5 24. Rxe5 cxd5 25. Nc3 {[Remainder
illegible]} 1-0

[Event "U.S. Amateur North"]
[Site "Detroit, MI"]
[Date "1998.??.??"]
[Round "?"]
[White "Spencer, Tyrone"]
[Black "Steen, Harold"]
[Result "0-1"]
[WhiteElo "1605"]
[BlackElo "1685"]
[PlyCount "120"]
[EventDate "1998.05.??"]

{5/23} 1. e4 d6 2. d4 Nf6 3. Nc3 g6 4. Bc4 Bg7 5. Nf3 O-O 6. h3 Nc6 7. O-O e5
8. d5 Ne7 9. Bg5 Nd7 10. Qd2 a5 11. Bh6 Nc5 12. Rfe1 f5 13. Bxg7 Kxg7 14. Ng5
f4 15. a3 h6 16. Ne6+ Bxe6 17. dxe6 Qc8 18. Nd5 Qd8 19. Nxe7 Qxe7 20. Qd5 c6
21. Qd2 Nxe6 22. Rad1 Rfd8 23. g3 Ng5 24. Kg2 Qd7 25. g4 h5 26. f3 hxg4 27.
hxg4 b6 28. Bb3 Qe7 29. Qc3 Rac8 30. Ba2 Nh7 31. b4 Qh4 32. Rh1 Qg3+ 33. Kf1
Ng5 34. Qb3 Qxf3+ 35. Qxf3 Nxf3 36. Kf2 Ng5 37. Rhe1 axb4 38. axb4 Ra8 39. Bb3
Ra7 40. c4 Ne6 41. c5 Nd4 42. cxb6 Rb7 43. Bc4 Rxb6 44. Rb1 d5 45. exd5 cxd5
46. Bd3 e4 47. Bf1 Nc2 48. Red1 Rxb4 49. Rbc1 Rb2 50. Bg2 g5 51. Bxe4 Ne3+ 52.
Kf3 dxe4+ 53. Kxe4 Nxd1 54. Kf5 Rb5+ 55. Ke6 f3 56. Rc7+ Kg8 57. Rf7 Rb6+ 58.
Ke7 Rb7+ 59. Kxd8 Kxf7 60. Kc8 Re7 0-1

[Event "U.S. Amateur North"]
[Site "Detroit, MI"]
[Date "1998.??.??"]
[Round "?"]
[White "Spencer, Tyrone"]
[Black "Brown, B."]
[Result "1-0"]
[WhiteElo "1605"]
[BlackElo "1605"]
[PlyCount "39"]
[EventDate "1998.05.??"]

{5/23} 1. e4 e5 2. Nf3 d5 3. exd5 Qxd5 4. Nc3 Qd7 5. Be2 Qc6 6. O-O Bg4 7. Nxe5
Qe6 8. Nxg4 Nf6 9. Re1 Be7 10. Bf3 Qb6 11. Nxf6+ gxf6 12. Nd5 Qc5 13. Nxe7 Nc6
14. Ng6+ Ne7 15. Nxh8 O-O-O 16. Nxf7 Rf8 17. c3 Rxf7 18. Qb3 b6 19. Qxf7 Nf5
20. Qe8# 1-0

[Event "Michigan Class A"]
[Site "Grand Rapids, MI"]
[Date "1998.??.??"]
[Round "?"]
[White "Sparks, Frazier"]
[Black "Solon, Nathan"]
[Result "0-1"]
[WhiteElo "1875"]
[BlackElo "1900"]
[PlyCount "54"]
[EventDate "1998.01.??"]

1. e4 c5 2. Nf3 d6 3. Bc4 Nf6 4. Nc3 e6 5. d4 cxd4 6. Nxd4 Be7 7. Bg5 a6 8. Qd2
b5 9. Bd3 O-O 10. O-O Bb7 11. a3 Nbd7 12. f3 Qc7 13. Kh1 Rac8 14. Be3 Rfd8 15.
Qf2 Nc5 16. Rac1 d5 17. exd5 Nxd5 18. Nxd5 Rxd5 19. Be4 Rh5 20. g3 Nxe4 21.
fxe4 Bxe4+ 22. Kg1 Bd6 23. Rcd1 Rf8 24. Rd2 Rh3 25. Nf3 Bxg3 26. Qe2 Bxh2+ 27.
Kh1 Qg3 0-1

[Event "Lansing Mini-Swiss.3"]
[Site "Lansing, MI"]
[Date "1998.??.??"]
[Round "?"]
[White "Spangler, Richard"]
[Black "Roth, Bruce"]
[Result "1-0"]
[WhiteElo "1605"]
[BlackElo "1605"]
[PlyCount "81"]
[EventDate "1998.??.??"]

1. d4 Nf6 2. Nf3 g6 3. Bg5 Bg7 4. h3 d6 5. Nbd2 Nbd7 6. c3 O-O 7. e4 c6 8. Bd3
Re8 9. Bf4 e5 10. dxe5 Nxe5 11. Bc2 Nxf3+ 12. Qxf3 d5 13. O-O dxe4 14. Nxe4
Nxe4 15. Bxe4 Be5 16. Bxe5 Rxe5 17. Rad1 Qe7 18. Bc2 Bf5 19. Bxf5 Rxf5 20. Qd3
Rd5 21. Qg3 Rad8 22. Rxd5 Rxd5 23. Qb8+ Qd8 24. Qxa7 Rb5 25. Qa3 Qd2 26. b4 Kg7
27. Rb1 c5 28. Qb2 Qf4 29. c4+ Kh6 30. cxb5 Qc7 31. bxc5 b6 32. cxb6 Qxb6 33.
a4 f6 34. Rc1 Qe6 35. Qc3 Kg7 36. Qc7+ Kh6 37. b6 g5 38. b7 g4 39. Qf4+ Kg7 40.
Rc7+ Kg6 41. Qxg4+ 1-0

[Event "Cadillac Marathon"]
[Site "Cadillac, MI"]
[Date "1998.??.??"]
[Round "?"]
[White "Spangler, Richard"]
[Black "Oss, Terry"]
[Result "1-0"]
[WhiteElo "1605"]
[BlackElo "1605"]
[PlyCount "79"]
[EventDate "1998.??.??"]

1. d4 d5 2. Nf3 Nf6 3. e3 e6 4. Bd3 Bd6 5. Nbd2 O-O 6. O-O Nc6 7. c3 Bd7 8. e4
Re8 9. e5 Be7 10. exf6 Bxf6 11. Qc2 e5 12. dxe5 Nxe5 13. Nxe5 Bxe5 14. Nf3 g6
15. Nxe5 Rxe5 16. Bh6 Rh5 17. Bd2 Qh4 18. f3 Qxh2+ 19. Kf2 Rg5 20. Bxg5 Re8 21.
Rh1 Qe5 22. Bh6 c6 23. Rae1 Qd6 24. Rxe8+ Bxe8 25. Qe2 Bd7 26. Qe3 c5 27. Bf4
Qf6 28. Bg3 c4 29. Bc2 b5 30. Qh6 Qg7 31. Qxg7+ Kxg7 32. Be5+ Kg8 33. Bd4 a6
34. Re1 a5 35. Re7 Bc6 36. Rc7 Be8 37. Bf6 b4 38. Rc8 Kf8 39. Ba4 Kg8 40. Rxe8#
1-0

[Event "Cadillac Marathon"]
[Site "Cadillac, MI"]
[Date "1998.??.??"]
[Round "?"]
[White "Spangler, Richard"]
[Black "Fischvogt, Eric"]
[Result "0-1"]
[WhiteElo "1605"]
[BlackElo "2220"]
[PlyCount "42"]
[EventDate "1998.??.??"]

1. d4 d5 2. Nf3 e6 3. e3 c6 4. Bd3 f5 5. c4 Nf6 6. Nc3 Bd6 7. Qc2 Ne4 8. Nd2
O-O 9. Ndxe4 fxe4 10. Be2 Nd7 11. Bd2 Qh4 12. g3 Qh3 13. Bf1 Qf5 14. Bc1 e5 15.
Qe2 c5 16. Nb5 Bb8 17. cxd5 a6 18. Nc3 exd4 19. Na4 d3 20. Qd2 Ne5 21. Bg2 Nc4
0-1

[Event "Michigan Class C"]
[Site "Grand Rapids, MI"]
[Date "1998.??.??"]
[Round "?"]
[White "Solski, Jeff"]
[Black "Foord, Allan"]
[Result "0-1"]
[WhiteElo "1605"]
[BlackElo "1605"]
[PlyCount "62"]
[EventDate "1998.01.??"]

1. e4 c5 2. Nf3 d6 3. d4 cxd4 4. Nxd4 Nf6 5. Nc3 a6 6. Be2 e6 7. O-O Be7 8. f4
Qb6 9. Kh1 Nc6 10. Nb3 O-O 11. Rf3 Rd8 12. Be3 Qc7 13. Rg3 b5 14. Bf3 Bb7 15.
Nd4 Rac8 16. f5 Ne5 17. fxe6 Nxf3 18. gxf3 Qc4 19. exf7+ Kxf7 20. Nf5 Bf8 21.
Qg1 g6 22. Nh6+ Ke6 23. Ng4 b4 24. Ne2 Qxe2 25. Nxf6 Kxf6 26. Rxg6+ hxg6 27.
Qg5+ Kf7 28. Qf4+ Ke8 29. Rg1 Rxc2 30. Rxg6 Rxb2 31. Qf5 Qxh2# 0-1